|
|
|
|
| LEADER |
00776nam a2200265 4500 |
| 001 |
DLU120134620 |
| 005 |
##20120509 |
| 040 |
# |
# |
|a DLU
|b vie
|
| 041 |
# |
# |
|a vie
|
| 044 |
# |
# |
|a vn
|
| 100 |
# |
# |
|a N.Đ.T.
|
| 245 |
# |
# |
|a Sử dụng, nâng ngạch, chuyển ngạch, luân chuyển công chức /
|c N.Đ.T.
|
| 653 |
# |
# |
|a Nâng ngạch
|
| 653 |
# |
# |
|a Nghị định số 24/2010/NĐ-CP
|
| 653 |
# |
# |
|a Tuyển dụng công chức
|
| 773 |
# |
# |
|t Giáo dục và Thời đại
|g Số 17, 2010, tr. 5
|
| 920 |
# |
# |
|a Phòng Tạp chí -- Trung tâm Thông tin - Thư viện Trường Đại học Đà Lạt
|
| 994 |
# |
# |
|a DLU
|
| 900 |
# |
# |
|a True
|
| 911 |
# |
# |
|a Nguyễn Thị Linh Chi
|
| 925 |
# |
# |
|a G
|
| 926 |
# |
# |
|a A
|
| 927 |
# |
# |
|a BB
|
| 980 |
# |
# |
|a Thư viện Trường Đại học Đà Lạt
|